[Event "Belgrade Trophy 20th"]
[Site "Belgrade"]
[Date "2007.11.26"]
[Round "5"]
[White "Bralic, Dragoslav"]
[Black "Dzunic, Vladimir"]
[Result "0-1"]
[WhiteElo "2313"]
[BlackElo "2031"]
[PlyCount "72"]
[EventDate "2007.11.22"]
[EventType "swiss"]
[EventRounds "9"]
[EventCountry "YUG"]
[SourceTitle "CBM 121 Extra"]
[Source "ChessBase"]
[SourceDate "2008.01.10"]
[SourceVersion "1"]
[SourceVersionDate "2008.01.10"]
[SourceQuality "1"]

1. e4 e5 2. Nf3 d6 3. d4 Nf6 4. Nc3 Nbd7 5. Bc4 Be7 6. 0-0 0-0 7. a4 c6 8. Ba2 h6 9. Qe2 Qc7 10. h3 exd4 11. Nxd4 Re8 12. Bf4 Bf8 13. Qc4 Ne5 14. Qb3 Ng6 15. Bh2 Nxe4 16. Rfe1 Nc5 17. Qc4 Ne5 18. Qf1 Qb6 19. Rab1 Bd7 20. Bxe5 dxe5 21. Qc4 Ne6 22. Nf3 f6 23. Rbd1 Bc8 24. Bb3 Qb4 25. Qd3 Kh8 26. Qg6 Qe7 27. Nh4 Nf4 28. Qe4 Qb4 29. Ng6+ Nxg6 30. Qxg6 Qe7 31. Bf7 Rd8 32. Ne4 Bf5 33. Qxf5 Qxf7 34. g4 Rd5 35. g5 Qh5 36. Rxd5 cxd5 0-1

[Event "Belgrade Trophy 20th"]
[Site "Belgrade"]
[Date "2007.11.25"]
[Round "4"]
[White "Petrovic, Milan"]
[Black "Bralic, Dragoslav"]
[Result "1/2-1/2"]
[WhiteElo "2025"]
[BlackElo "2313"]
[PlyCount "67"]
[EventDate "2007.11.22"]
[EventType "swiss"]
[EventRounds "9"]
[EventCountry "YUG"]
[SourceTitle "CBM 121 Extra"]
[Source "ChessBase"]
[SourceDate "2008.01.10"]
[SourceVersion "1"]
[SourceVersionDate "2008.01.10"]
[SourceQuality "1"]

1. e4 e6 2. d4 d5 3. Nc3 dxe4 4. Nxe4 Nd7 5. Nf3 Ngf6 6. Nxf6+ Nxf6 7. Bd3 c5 8. 0-0 cxd4 9. Nxd4 Bc5 10. Nb3 Bb6 11. Bg5 0-0 12. Qf3 Qd5 13. Qf4 e5 14. Qh4 e4 15. Be2 Qf5 16. Rad1 Re8 17. Kh1 Ng4 18. Nd4 Bxd4 19. Rxd4 h6 20. Bc1 Qf6 21. Qxf6 Nxf6 22. h3 Bd7 23. Rfd1 Bc6 24. b4 Ba4 25. R1d2 Rac8 26. c4 a6 27. Bb2 e3 28. fxe3 Ne4 29. Bg4 Nxd2 30. Bxc8 Rxc8 31. Rxd2 Rxc4 32. a3 Rc2 33. Rxc2 Bxc2 34. Kg1 1/2-1/2